| 000 | 00450cam a2200181ua 4500 | ||
|---|---|---|---|
| 020 | _c5.00 | ||
| 041 |
_ahin _h |
||
| 082 |
_a891.43 _bKAI/KA |
||
| 100 | _aKaishikaji, . | ||
| 245 |
_aKaishikaji ki ikkis kahaniyam / _cKaishikaji. _hTextual Documents |
||
| 250 |
_a1 / _b. |
||
| 260 |
_aNew Delhi : _bNational Publishing House , _c1964. |
||
| 300 | _a227 ; . | ||
| 365 | _a5.00 | ||
| 504 | _a | ||
| 942 | _cBK | ||
| 999 |
_c12709 _d12709 |
||